000 00246nam a22000977a 4500
005 20260327112041.0
100 _aRubber Board
245 _aMadhyamaprathinidhikal rubber board sandharsichu
260 _bRubber, 718(March): 14-15. 2026.
942 _cJS
999 _c75893
_d75893